Fábulas /

Guardado en:
Autor Principal: Esopo
Formato: Libro
Publicado: Buenos Aires : Gradifco, 2004
Series:Colección Nogal
Materias:
Etiquetas: Agregar Etiqueta
Sin Etiquetas, Sea el primero en etiquetar este registro!
LEADER 00550nam a22002175a 4500
001 CEM.cems013063
005 20081106123036.0
008 130507s2004##################000#0#####d
003 CEMS
020 |a 9871093853 
082 0 4 |a 880 
100 1 |a Esopo 
245 1 0 |a Fábulas /  |c Esopo 
260 |a Buenos Aires :  |b Gradifco,  |c 2004 
300 |a 96 p. 
490 0 |a Colección Nogal 
653 |a Literatura 
653 |a Literatura griega 
653 |a Fábulas 
653 |a Fábulas griegas 
859 |a CEMS  |b BIB. CEMS - 11 de abril  |h 880  |i Es59  |p 25475.08  |t Ej.1